banner koha

Informes da avaliação de genótipos de girassol 2010/2011 e 2011 (Registro n. 297684)

MARC details
000 -LÍDER
campo de controle de tamanho fixo 01120nac a22003737a 4500
001 - NÚMERO DE CONTROLE
campo de controle BR2012005298
003 - IDENTIFICADOR DO NÚMERO DE CONTROLE
campo de controle BR-BrBNA
005 - DATA E HORÁRIO DA ÚLTIMA TRANSAÇÃO
campo de controle 20240105123940.0
008 - CAMPO DE DADOS FIXOS--INFORMAÇÃO GERAL
campo de controle de tamanho fixo 230509b bl.|||m| |||| 00| 0 por d
040 ## - FONTE DA CATALOGAÇÃO
Instituição da catalogação original BR-BrBNA
Idioma da catalogação por
Instituição que transcreveu o registro Biblioteca Nacional de Agricultura
072 ## - CÓDIGO DE CATEGORIA DE ASSUNTO
Código de Categoria de Assunto F30
090 ## - NÚMERO DE CHAMADA LOCAL
Número de chamada 0337 BR2012005298
100 1# - ENTRADA PRINCIPAL--NOME PESSOAL
Nome pessoal Carvalho, C.G.P. de
100 1# - ENTRADA PRINCIPAL--NOME PESSOAL
Nome pessoal Grunvald, A.K.
100 1# - ENTRADA PRINCIPAL--NOME PESSOAL
Nome pessoal Gonçalves, S.L.
100 1# - ENTRADA PRINCIPAL--NOME PESSOAL
Nome pessoal Godinho, V. de P.C.
100 1# - ENTRADA PRINCIPAL--NOME PESSOAL
Nome pessoal Oliveira, A.C.B. de
100 1# - ENTRADA PRINCIPAL--NOME PESSOAL
Nome pessoal Amabile, R.F.
100 1# - ENTRADA PRINCIPAL--NOME PESSOAL
Nome pessoal Ramos, N.P.
100 1# - ENTRADA PRINCIPAL--NOME PESSOAL
Nome pessoal Brighenti, A.M.
100 1# - ENTRADA PRINCIPAL--NOME PESSOAL
Nome pessoal Carvalho, H.W.L.de
110 1# - ENTRADA PRINCIPAL--NOME CORPORATIVO
Nome corporativo ou nome da jurisdição EMBRAPA Soja, Londrina, PR (Brasil)
245 1# - TÍTULO
Título Informes da avaliação de genótipos de girassol 2010/2011 e 2011
260 3# - PUBLICAÇÃO, DISTRIBUIÇÃO, ETC.
Local de publicação, distribuição, etc. Londrina, PR (Brasil):
Data da publicação, distribuição, etc. 2012.
300 ## - DESCRIÇÃO FÍSICA
Extensão 98 p.
490 ## - TÍTULO DA SÉRIE
Título da série Documentos - EMBRAPA Soja (Brazil)
Número do volume ou designação sequencial da série no. 329
ISSN - International Standard Serial Number ISSN 1516-781X
500 ## - NOTA GERAL
Nota geral 72 tables
650 ## - ASSUNTO--TERMO TÓPICO
Cabeçalho tópico ou nome geográfico GIRASSOL
650 ## - ASSUNTO--TERMO TÓPICO
Cabeçalho tópico ou nome geográfico GENOTIPO
650 ## - ASSUNTO--TERMO TÓPICO
Cabeçalho tópico ou nome geográfico CARACTERÍSTICAS AGRONÔMICAS
650 ## - ASSUNTO--TERMO TÓPICO
Cabeçalho tópico ou nome geográfico PESQUISA AGRÍCOLA
909 ## -
-- 202312
-- Lúcia Elande
-- 55
-- Lúcia Elande
942 ## - ELEMENTOS DE ENTRADA ADICIONADOS (KOHA)
Fonte da classificação ou esquema de arquivamento na estante Classificação AGRIS
Ocultar no OPAC Não
Tipo de material Koha Monografia Seriada
Exemplares
Situação do descarte Fonte da classificação ou esquema de arquivamento na estante Situação física Não pode ser emprestado Coleção Biblioteca de origem Biblioteca atual Localização na estante Total de empréstimos Número de telefone completo Código de barras Data de último acesso Tipo de material Koha Fonte de aquisição
  Classificação AGRIS       Biblioteca Nacional de Agricultura - Binagri Biblioteca Nacional de Agricultura - Binagri Agrobase - Acervo Geral   0337 BR2012005298 0337 BR2012005298 18/12/2023 Monografia Seriada Portaria Interministerial nº 164/94

BINAGRI

Telefone: (61)3218-2567/2388/3357/2097 - binagri@agro.gov.br

Ministério da Agricultura e Pecuária , Esplanada dos Ministérios, Bloco D, Anexo B, Brasília/DF, CEP: 70.043-900